Responses for Show #6528 - Wednesday, January 23, 2013

Joshua Brakhage game 1.

Contestants

[<< previous game]

Joshua Brakhage, a TV news producer originally from South Coffeyville, Oklahoma

Susie Swithers, a professor of psychological sciences from Zionsville, Indiana

Michelle Souza, a costume designer from San Diego, California (whose 1-day cash winnings total $13,999)

[next game >>]

Jeopardy! Round responses

LET'S TAKE A VACATION
BANNED!
THE WOMEN OF SATURDAY NIGHT LIVE
OF RICE & HEN
THE 15th CENTURY
"HOP" IN
    $200 16
Yellowstone

Michelle
    $200 21
Lewis Carroll

Susie
    $200 1
Amy Poehler

Michelle
    $200 6
(Joshua: What's paella?)

arroz con pollo

MichelleJoshua
    $200 26
the Incas

Michelle
    $200 11
to barhop

Michelle
    $400 17
Columbus

Joshua
    $400 22
All Quiet on the Western Front

Joshua
    $400 2
Jane Curtin

Susie
    $400 7
(Joshua: What's a saucier?)

a casserole

MichelleJoshua
    $400 27
the Hundred Years War

Joshua
    $400 12
a bellhop

Michelle
    $600 18
Armani

Susie
    $600 23
(Thomas) Paine

Susie
    $600 3
Gilda Radner

Michelle
    $600 8
Maurice Sendak

Triple Stumper
    $600 28
nearsightedness (myopia)

Michelle
    $600 13
a grasshopper

Joshua
    $800 19
(Michelle: Uh, what are...)
[Beep]

the Galápagos

MichelleSusie
    $2,000 24
(Susie: Um... what is Angels & Demons?)
(Alex: No, but you're so close.)
(Susie: [nodding] The other one.)

The Da Vinci Code

Susie
    $800 4
Debbie Downer

Michelle
    $800 9
gumbo

Michelle
    $800 29
(Michelle: What is the Book of Kells?)
(Susie: What is the Domesday Book?)

the Gutenberg Bible

MichelleSusieJoshua
    $800 14
muttonchops

Joshua
    $1000 20
Tokaj

Triple Stumper
    $1000 25
The Satanic Verses

Joshua
    $1000 5
Maya Rudolph

Joshua
    $1000 10
mushroom

Joshua
    $1000 30
Tamerlane (Timur the Lame)

Triple Stumper
    $1000 15
a shopaholic

Susie

Scores at the first commercial break (after clue 15):

Michelle Susie Joshua
$3,600 $1,400 $2,800

Scores at the end of the Jeopardy! Round:

Michelle Susie Joshua
$3,000 $800 $5,800

Double Jeopardy! Round responses

THE SECRETARY OF STATE WHO...
PRONOUN-CIATION
CARY GRANT FILMS
"K" ON THE MAP
MATH IS A 7- OR 8-LETTER WORD
GIVE OR TAKE
    $400 26
Thomas Jefferson

Joshua
    $400 12
ye

Michelle
    $400 2
Alfred Hitchcock

Joshua
    $400 11
Kathmandu

Susie
    $400 1
diameter

Joshua
    $400 21
Labor Day

Joshua
    $800 27
Condoleezza Rice

Joshua
    $800 14
they

Susie
    $800 3
Philadelphia Story

Joshua
    $800 13
the Kalahari

Susie
    $800 5
calculus

Susie
    $800 22
Pearl Harbor

Joshua
    $1200 28
Seward

Joshua
    $1200 15
itself

Joshua
    $1200 4
Shirley Temple

Susie
    $3,200 16
Kuwait

Joshua
    $1200 6
an exponent

Joshua
    $1200 23
Liam Neeson

Susie
    $1600 29
John Marshall

Triple Stumper
    $4,000 19
(Michelle: Who is ourselves?)

ours

Michelle
    $1600 7
His Girl Friday

Joshua
    $1600 17
Kingston

Michelle
    $1600 9
(Susie: What is a right triangle?)
(Joshua: What's isosceles?)

scalene

SusieJoshua
Triple Stumper
    $1600 24
(Joshua: What's his life?)

the ghost

Joshua
Triple Stumper
    $2000 30
James Baker

Triple Stumper
    $2000 20
us

Triple Stumper
    $2000 8
An Affair to Remember

Joshua
    $2000 18
(Susie: What is Kauai?)

Kona

MichelleSusie
    $2000 10
a quadrant

Joshua
    $2000 25
(Michelle: What's a martini?)
...
(Alex: Susie, less than a minute.)

a Gibson

Michelle
Triple Stumper

Scores at the end of the Double Jeopardy! Round:

Michelle Susie Joshua
$1,000 $2,400 $19,000
(lock game)

[wagering suggestions for these scores]

Final Jeopardy! Round responses

WOMEN AUTHORS
MichelleWhat is Pride and Prejudice?
$999
SusieWhat is Sense + Sensibility?
$321
JoshuaWhat is Sense & Sensibility?
$1,006
Sense and Sensibility

Final scores:

Michelle Susie Joshua
$1 $2,721 $20,006
3rd place: $1,000 2nd place: $2,000 New champion: $20,006

Game dynamics:

Coryat scores:

Michelle Susie Joshua
$5,000 $4,400 $17,000
14 R,
4 W
(including 1 DD)
12 R,
4 W
(including 1 DD)
23 R
(including 1 DD),
4 W

Combined Coryat: $26,400

[game clues] [game scores] [suggest correction]

Game tape date: 2012-10-23
The J! Archive is created by fans, for fans. Scraping, republication, monetization, and malicious use prohibited; this site may use cookies and collect identifying information. See terms. The Jeopardy! game show and all elements thereof, including but not limited to copyright and trademark thereto, are the property of Jeopardy Productions, Inc. and are protected under law. This website is not affiliated with, sponsored by, or operated by Jeopardy Productions, Inc. Join the discussion at JBoard.tv.